000 00153 a2200073 4500
020 _a9781592574889
082 _a613.7046 BUD
245 _aTHE COMPLETE IDIOT'S
999 _c791939
_d791938
942 _w223
_xZanele Mgwenya
_y223
_zZanele Mgwenya